| 000 | 00429nam a22001577a 4500 | ||
|---|---|---|---|
| 999 |
_c11753 _d11753 |
||
| 008 | 210101b 2011 ||||| |||| 00| 0 eng d | ||
| 082 |
_a338.501 _bPAU |
||
| 100 | _aPaul, Susmita | ||
| 245 | _aQuantitative techniques for managers | ||
| 260 |
_aNew Delhi _bAIMA-CME _c2011 |
||
| 300 | _a270p. | ||
| 650 | _aThe Basics of Probability | ||
| 650 | _aSampling and statistical testing | ||
| 650 | _aQueuing Theory | ||
| 942 | _cBK | ||